| 000 | 00890cam a2200241u 4500 | ||
|---|---|---|---|
| 001 | 000013638 | ||
| 005 | 20200929163308.0 | ||
| 008 | 831213s1970 ve a 000 0 spa | ||
| 010 | _a 73209162 | ||
| 040 |
_aDO-SdBNP _cCarP _dDLC |
||
| 050 | 0 | 0 |
_aHD7287.7.A3 _bF8 |
| 110 | 2 |
_aFundación para el Desarrollo de la Comunidad y Fomento Municipal, Caracas. _bDepartamento de Acción Comunal. [from old catalog] _931051 |
|
| 245 | 1 | 0 | _aManual de autoconstrucción. |
| 260 |
_aCaracas, : _bFondo Editorial Común, _c1970. |
||
| 300 |
_a281 p. : _billus. ; _c24 cm. |
||
| 650 | 0 |
_aHousing, cooperative. _931052 |
|
| 650 | 0 |
_aSelf-help housing. _931053 |
|
| 650 | 0 |
_aCommunity development. _931054 |
|
| 650 | 0 |
_aHouse construction. _931055 |
|
| 910 | _aCatalogación por copia / LC | ||
| 906 |
_a0 _bcbc _cpremunv _du _encip _f19 _gy-gencatlg |
||
| 991 |
_bc-GenColl _hHD7287.7.A3 _iF8 _tCopy 1 _wPREM |
||
| 999 |
_c13252 _d13252 |
||